Účtovné súvzťažnosti

Saved in:
Bibliographic Details
Main Author: Kaletová, Viera
Other Authors: Turóciová, Jana
Format: Book
Language:Slovak
Published: Žilina Poradca podnikateľa 2005
Edition:5. vyd.
Series:Praktická príručka pre účtovníkov
Subjects:
Tags: Add Tag
No Tags, Be the first to tag this record!

MARC

LEADER 00000nam$a2200000$$$4500
001 0031149
005 20240318115358.8
020 |a 80-967566-9-9 
041 0 |a slo 
044 |a SK 
245 1 0 |a Účtovné súvzťažnosti  |c Viera Kaletová, Jana Turóciová 
250 |a 5. vyd. 
264 1 |a Žilina  |b Poradca podnikateľa  |c 2005 
300 |a 392 s. 
490 1 |a Praktická príručka pre účtovníkov 
830 0 |a Praktická príručka pre účtovníkov 
610 2 0 |a účtovníctvo podvojné 
610 2 0 |a triedy účtové 
610 2 0 |a osnova účtová 
610 2 0 |a účty syntetické 
610 2 0 |a predpisy právne 
610 2 0 |a zákony 
610 2 0 |a závierka účtovná 
610 2 0 |a Slovensko 
610 2 0 |a 2005 
100 1 |a Kaletová, Viera 
700 1 |a Turóciová, Jana